书目信息 |
| 题名: |
电动汽车技术与商业运行
|
|
| 作者: | 段万普 主编 | |
| 分册: | ||
| 出版信息: | 北京 中国电力出版社 2020.11 |
|
| 页数: | 298页 | |
| 开本: | 23cm | |
| 丛书名: | ||
| 单 册: | ||
| 中图分类: | U469.72 | |
| 科图分类: | ||
| 主题词: | 电动汽车 | |
| 电子资源: | ||
| ISBN: | 978-7-5123-3426-7 | |
| 000 | 01189nam0 2200253 45 | |
| 001 | 012001001188 | |
| 005 | 20140913094557.0 | |
| 010 | @a978-7-5123-3426-7@dCNY39.80 | |
| 090 | @aU469.7@bdwp | |
| 096 | @aU469.7@bdwp | |
| 100 | @a20121105d2013 em y0chiy50 ea | |
| 101 | 0 | @achi |
| 102 | @aCN@b110000 | |
| 105 | @aa z 000yy | |
| 106 | @ar | |
| 200 | 1 | @a电动汽车技术与商业运行@Adian dong qi che ji shu yu shang ye yun xing@b专著@f段万普主编 |
| 210 | @a北京@c中国电力出版社@d2020.11 | |
| 215 | @a298页@c图@d23cm | |
| 330 | @a本书共10章。第1-2章介绍电动汽车牵引电动机和电动机控制器的原理及使用;第3-7章介绍锂电池及其电池管理系统、锌空气电池的使用、燃料电池及燃料电池电动汽车、电动汽车铅酸蓄电池;第8章介绍电动汽车辅助系统相关技术、电动汽车电池的选型和结构设计、电动汽车整车测试、电动汽车充电作业及充换电站等;第9章从管理和技术可行性角度出发,分析了电动汽车技术发展路线的陷阱和误区,并提出了一种新的思路和解决方案;第10章从整车设计角度出发,并结合千熙新能源科技有限公司的试验数据证明了这一解决方案的可行性。 | |
| 606 | 0 | @a电动汽车 |
| 690 | @aU469.72@v5 | |
| 701 | 0 | @a段万普@f(1945~)@Aduan wan pu@4主编 |
| 801 | 0 | @aCN@bBJSDL@c20211011 |
| 905 | @b1333386-9@dU469.72@e1035@f4 | |
| 电动汽车技术与商业运行/段万普主编.-北京:中国电力出版社,2020.11 |
| 298页:图;23cm |
| ISBN 978-7-5123-3426-7:CNY39.80 |
| 本书共10章。第1-2章介绍电动汽车牵引电动机和电动机控制器的原理及使用;第3-7章介绍锂电池及其电池管理系统、锌空气电池的使用、燃料电池及燃料电池电动汽车、电动汽车铅酸蓄电池;第8章介绍电动汽车辅助系统相关技术、电动汽车电池的选型和结构设计、电动汽车整车测试、电动汽车充电作业及充换电站等;第9章从管理和技术可行性角度出发,分析了电动汽车技术发展路线的陷阱和误区,并提出了一种新的思路和解决方案;第10章从整车设计角度出发,并结合千熙新能源科技有限公司的试验数据证明了这一解决方案的可行性。 |
| ● |
| 相关链接 |
|
|
|
|
正题名:电动汽车技术与商业运行
索取号:U469.72/1035
 
预约/预借
| 序号 | 登录号 | 条形码 | 馆藏地/架位号 | 状态 | 备注 |
| 1 | 1333386 | 213333864 | 第二样本阅览室/ [索取号:U469.72/1035] | 在馆 | |
| 2 | 1333387 | 213333873 | 第三借阅区/ [索取号:U469.72/1035] | 在馆 | |
| 3 | 1333388 | 213333882 | 第三借阅区/ [索取号:U469.72/1035] | 在馆 | |
| 4 | 1333389 | 213333891 | 第三借阅区/ [索取号:U469.72/1035] | 在馆 |